Ballon d'Or 2024: Die 30er-Liste der Männer - Statistiken

Allgemein
  • Dieses Quiz wurde 570 mal gespielt
  • Das Durchschnittsergebnis liegt bei 25 aus 30
Antwortstatistiken
Verein Nation Spieler % Korrekt
Bayern München England Harry Kane
99%
Real Madrid England Jude Bellingham
98%
Manchester City Norwegen Erling Haaland
97%
Manchester City Spanien Rodri
97%
Real Madrid Deutschland Toni Kroos
96%
Real Madrid Brasilien Vinicius Junior
95%
Bayer Leverkusen Deutschland Florian Wirtz
94%
FC Barcelona Spanien Lamine Yamal
94%
Real Madrid Frankreich Kylian Mbappe
93%
Real Madrid Deutschland Antonio Rüdiger
91%
Inter Mailand Argentinien Lautaro Martinez
91%
Aston Villa Argentinien Emiliano Martinez
90%
Bayer Leverkusen Schweiz Granit Xhaka
89%
Real Madrid Uruguay Federico Valverde
88%
FC Arsenal Norwegen Martin Ödegaard
88%
Manchester City England Phil Foden
84%
Athletic Bilbao Spanien Nico Williams
83%
FC Arsernal England Bukayo Saka
82%
Bayer Leverkusen Spanien Alejandro Grimaldo
81%
FC Chelsea England Cole Palmer
78%
Manchester City Portugal Ruben Dias
75%
Atalanta Bergamo Nigeria Ademola Lookman
73%
AS Rom Deutschland Mats Hummels
73%
FC Arsenal Frankreich William Saliba
72%
Real Madrid Spanien Dani Carvajal
71%
FC Arsenal England Declan Rice
71%
Paris SG Portugal Vitinha
66%
Inter Mailand Türkei Hakan Calhanoglu
65%
AS Rom Ukraine Artem Dovbyk
56%
FC Barcelona Spanien Dani Olmo
51%
Keine übereinstimmenden Quizze gefunden
Verteilung der Resultate
Anzahl Personen mit jedem Resultat
Perzentil nach korrekt beantworteten Fragen
Ihre Resultats-Entwicklung
Sie haben dieses Quiz noch nicht gespielt